[Event "Südlohner SV 1 - SF Lieme 1"]
[Site "NRW-Klasse, Gruppe 1 2013/201"]
[Date "2014.04.27"]
[Round "9.8"]
[White "Teloeken, Daniel"]
[Black "Schulte, Oliver"]
[Result "1-0"]
[WhiteElo "1756"]
[BlackElo "1993"]
[Annotator "Doe,John"]
[PlyCount "81"]
[EventDate "2014.??.??"]
[WhiteTeam "Südlohner SV 1"]
[BlackTeam "SF Lieme 1"]

1. c4 Nf6 2. Nc3 c6 3. d4 d5 4. e3 e6 5. Nf3 Nbd7 6. Bd3 a6 7. O-O Be7 8. b3
O-O 9. Bb2 b6 10. Rc1 Bb7 11. Qe2 Re8 12. Rfd1 Nf8 13. Ne5 N6d7 14. f4 Nxe5 15.
fxe5 Ng6 16. cxd5 cxd5 17. Na4 Rf8 $11 18. Rc2 a5 19. Rdc1 Rc8 20. Ba6 Rb8 21.
Bb5 Rc8 22. Rxc8 Bxc8 23. Rc6 Bd7 24. Rxb6 Bxb5 25. Rxb5 f6 26. exf6 Rxf6 27.
Bc3 Bb4 28. Bxb4 axb4 29. Rxb4 Nh4 30. Nc5 Rg6 31. g3 Nf5 32. Qf2 h6 33. Qf4
Qa5 34. Rb8+ Kh7 35. Qf2 Rf6 36. Nd7 Rf7 37. Nf8+ Kg8 38. Nxe6+ Kh7 39. Nf8+
Kg8 40. Nd7+ Kh7 41. Rf8 1-0

[Event "Elberfelder SG 1 - SG Niederkassel 1"]
[Site "NRW-Klasse, Gruppe 1 2013/201"]
[Date "2014.04.27"]
[Round "9.1"]
[White "Stanetzek, Carsten"]
[Black "Odendahl, Reiner"]
[Result "1/2-1/2"]
[WhiteElo "2214"]
[BlackElo "2252"]
[PlyCount "26"]
[EventDate "2014.??.??"]
[WhiteTeam "SG Niederkassel 1"]
[BlackTeam "Elberfelder SG 1"]

1. e4 c5 2. Nf3 g6 3. c3 Bg7 4. d4 cxd4 5. cxd4 d5 6. e5 Bg4 7. Bb5+ Nd7 8. O-O
e6 9. Nbd2 Ne7 10. h3 Bxf3 11. Nxf3 a6 12. Bxd7+ Qxd7 13. Qb3 O-O 1/2-1/2

[Event "Elberfelder SG 1 - SG Niederkassel 1"]
[Site "NRW-Klasse, Gruppe 1 2013/201"]
[Date "2014.04.27"]
[Round "9.2"]
[White "Mantler, Hendrik"]
[Black "Riedel, Holger"]
[Result "1-0"]
[WhiteElo "2180"]
[BlackElo "2192"]
[PlyCount "99"]
[EventDate "2014.??.??"]
[WhiteTeam "Elberfelder SG 1"]
[BlackTeam "SG Niederkassel 1"]

1. e4 e6 2. d4 d5 3. Nc3 Bb4 4. e5 Ne7 5. Nf3 c5 6. dxc5 Nbc6 7. Bd3 d4 8. a3
Ba5 9. b4 Nxb4 10. axb4 Bxb4 11. O-O Bxc3 12. Rb1 h6 13. Bb2 Bd7 14. Bxc3 dxc3
15. Rxb7 Bc6 16. Rb3 Qa5 17. Qa1 Qxa1 18. Rxa1 O-O 19. Rxc3 Rfd8 20. Rca3 Bxf3
21. gxf3 Rac8 22. Rb3 Nc6 23. f4 Rd4 24. Ra6 g6 25. Bb5 Rd1+ 26. Kg2 Nd4 27.
Rb2 Rxc5 28. Bd3 Rc7 29. Rd6 Nc6 30. Be4 Rxd6 31. exd6 Rd7 32. Bxc6 Rxd6 33.
Be4 Rd4 34. Kf3 f5 35. Bd3 a5 36. Ke3 Rd7 37. Rb8+ Kf7 38. Ra8 g5 39. Rxa5 Kf6
40. Ra4 Rc7 41. f3 Rg7 42. Rd4 g4 43. Bc4 h5 44. Rd6 Re7 45. Ra6 h4 46. Kf2 Re8
47. Be2 Rc8 48. Bd3 Rc7 49. fxg4 fxg4 50. f5 1-0

[Event "Elberfelder SG 1 - SG Niederkassel 1"]
[Site "NRW-Klasse, Gruppe 1 2013/201"]
[Date "2014.04.27"]
[Round "9.3"]
[White "Mende, Andreas"]
[Black "Hintze, Helge"]
[Result "1/2-1/2"]
[WhiteElo "2138"]
[BlackElo "2243"]
[PlyCount "23"]
[EventDate "2014.??.??"]
[WhiteTeam "SG Niederkassel 1"]
[BlackTeam "Elberfelder SG 1"]

1. d4 Nf6 2. c4 g6 3. g3 c6 4. Bg2 d5 5. b3 Bg7 6. Nf3 O-O 7. O-O Bf5 8. Bb2
Ne4 9. Nbd2 a5 10. Nh4 Nxd2 11. Qxd2 Be6 12. cxd5 1/2-1/2

[Event "Elberfelder SG 1 - SG Niederkassel 1"]
[Site "NRW-Klasse, Gruppe 1 2013/201"]
[Date "2014.04.27"]
[Round "9.4"]
[White "Kurr, Gerd"]
[Black "Rybarczyk, Klaus"]
[Result "0-1"]
[WhiteElo "2169"]
[BlackElo "2129"]
[Annotator "Doe,John"]
[PlyCount "98"]
[EventDate "2014.??.??"]
[WhiteTeam "Elberfelder SG 1"]
[BlackTeam "SG Niederkassel 1"]

1. d4 Nf6 2. Nf3 g6 3. c4 Bg7 4. Nc3 O-O 5. e4 d6 6. Be2 Na6 7. O-O e5 $11 8.
d5 Nc5 9. Qc2 a5 10. Bg5 h6 11. Be3 Nh5 12. g3 Qe8 13. Nh4 Nf6 14. f3 Qe7 15.
Rad1 b6 16. Rfe1 Kh7 17. b3 Ng8 18. a3 Bf6 19. Ng2 Bh3 20. b4 axb4 21. axb4 Na6
22. Rb1 h5 23. Nd1 Bg5 24. Bf2 Kg7 25. Bd3 Nh6 26. Nde3 Qd7 27. f4 Bf6 28. f5
Bg5 29. Qe2 Bxe3 30. Nxe3 Nb8 31. c5 dxc5 32. bxc5 bxc5 33. Rb7 Qc8 34. Qb2 Nd7
35. Nc4 Kg8 36. Qb5 Ng4 37. Qc6 Ra2 38. Re2 Rxe2 39. Bxe2 Qa8 40. Rb1 Qa2 41.
Re1 Ndf6 42. Bxc5 Rb8 43. fxg6 Rb1 44. gxf7+ Kxf7 45. Qe6+ Kg7 46. Qe7+ Kg6 47.
Nxe5+ Nxe5 48. Bxh5+ Nxh5 49. Qe8+ Nf7 0-1

[Event "Elberfelder SG 1 - SG Niederkassel 1"]
[Site "NRW-Klasse, Gruppe 1 2013/201"]
[Date "2014.04.27"]
[Round "9.5"]
[White "Broehl, Stephan"]
[Black "Noetzel, Frank"]
[Result "0-1"]
[WhiteElo "2113"]
[BlackElo "2122"]
[PlyCount "110"]
[EventDate "2014.??.??"]
[WhiteTeam "SG Niederkassel 1"]
[BlackTeam "Elberfelder SG 1"]

1. e4 e5 2. Nc3 Nf6 3. Bc4 Bc5 4. d3 O-O 5. Be3 Bxe3 6. fxe3 c6 7. Nf3 d5 8.
Bb3 dxe4 9. Nxe4 Nxe4 10. dxe4 Qe7 11. O-O Nd7 12. c3 Nf6 13. Bc2 Bg4 14. Qe1
Bxf3 15. gxf3 Rad8 16. Rf2 Rd6 17. Rd1 Rfd8 18. Rfd2 g6 19. Bb3 Kg7 20. Kf1 Ne8
21. Rxd6 Rxd6 22. Rxd6 Nxd6 23. Ke2 Qg5 24. Qf2 Kf8 25. h4 Qh5 26. Kd3 Ke7 27.
Qg3 f6 28. a3 h6 29. Qh3 f5 30. Kd2 Kf6 31. exf5 Nxf5 32. e4 Qxh4 33. Qf1 Qf4+
34. Kd3 Ng3 35. Qg2 h5 36. Kc2 Kg5 37. Be6 Kh6 38. Kb3 Qg5 39. Bc8 Nxe4 40. Qh3
Nd6 41. Qd7 Nxc8 42. Qxc8 Qe7 43. Qb8 a6 44. Kc2 Kg5 45. Kd3 Kf4 46. Ke2 Qf7
47. Qd6 Kg3 48. Qd3 Qf5 49. Qe3 Qc2+ 50. Ke1 Qb1+ 51. Kd2 Qxb2+ 52. Kd3 Qb5+
53. Kc2 Qa4+ 54. Kd3 Qd1+ 55. Kc4 Qd5+ 0-1

[Event "Elberfelder SG 1 - SG Niederkassel 1"]
[Site "NRW-Klasse, Gruppe 1 2013/201"]
[Date "2014.04.27"]
[Round "9.6"]
[White "Maj, Kornel"]
[Black "Bussard, Christian"]
[Result "1-0"]
[WhiteElo "1891"]
[BlackElo "2126"]
[Annotator "Doe,John"]
[PlyCount "112"]
[EventDate "2014.??.??"]
[WhiteTeam "Elberfelder SG 1"]
[BlackTeam "SG Niederkassel 1"]

1. e4 e5 2. Nf3 d6 3. d4 exd4 4. Nxd4 Nf6 5. Nc3 Be7 6. Qf3 O-O 7. Nf5 Re8 8.
Bg5 Bxf5 9. exf5 Ne4 10. Nxe4 Bxg5 11. Be2 Nc6 12. Qg4 h5 13. Qxg5 Rxe4 14.
Qxd8+ Rxd8 15. Kd2 Rf4 16. Bf3 Ne5 17. Ke3 Rxf5 18. Bxb7 Rb8 19. Be4 Ng4+ 20.
Kd4 Rxf2 21. Kc3 g6 22. Rae1 Kg7 23. b4 Rf4 24. Re2 $11 Nf6 25. Rhe1 d5 26. Bd3
Rbxb4 27. Re7 c5 28. Rxa7 d4+ 29. Kd2 c4 30. a3 Rf2+ 31. Re2 cxd3 32. Rxf2 Ne4+
33. Kc1 Rc4 34. Rfxf7+ Kh6 35. Rfc7 d2+ 36. Kd1 Rc3 37. Rxc3 dxc3 38. Rf7 g5
39. Ke2 Kg6 40. Rd7 Kf6 41. Rd3 Ke5 42. a4 Nc5 43. Rxc3 Nxa4 44. Re3+ Kf4 45.
Rf3+ Ke4 46. Kxd2 h4 47. h3 Nc5 48. Rc3 Nd7 49. Rc4+ Kf5 50. Ke3 Ke5 51. Ra4
Kf6 52. Ra6+ Ke5 53. Ra5+ Kf6 54. Ke4 Kg6 55. Ra6+ Kh5 56. Kf5 Nf8 1-0

[Event "Elberfelder SG 1 - SG Niederkassel 1"]
[Site "NRW-Klasse, Gruppe 1 2013/201"]
[Date "2014.04.27"]
[Round "9.7"]
[White "Dierkes, Tobias"]
[Black "Kesseler, Heiko"]
[Result "1-0"]
[WhiteElo "2071"]
[BlackElo "2018"]
[PlyCount "105"]
[EventDate "2014.??.??"]
[WhiteTeam "SG Niederkassel 1"]
[BlackTeam "Elberfelder SG 1"]

1. d4 Nf6 2. c4 e6 3. Nc3 Bb4 4. Qc2 O-O 5. Nf3 b6 6. g3 Bb7 7. Bg2 d5 8. cxd5
exd5 9. O-O Re8 10. Bf4 Ba6 11. Ne5 c6 12. Rfe1 Qc8 13. a3 Bxc3 14. Qxc3 Qe6
15. Rac1 Bb7 16. b4 a5 17. bxa5 Rxa5 18. Rb1 Ra6 19. Rb3 Rc8 20. Qb2 b5 21. Re3
Qf5 22. Rf3 Qe6 23. Bg5 Nbd7 24. Bxf6 Nxf6 25. Nd3 Nd7 26. Rc1 Ra4 27. Re3 Qd6
28. Bh3 Rd8 29. Bxd7 Qxd7 30. Nc5 Qc8 31. Nxa4 bxa4 32. Qb6 h5 33. Re7 Rd7 34.
Re3 Kh7 35. Qa5 Rd6 36. Qxa4 Rg6 37. Qc2 Qh3 38. Qd1 Bc8 39. a4 h4 40. Qf1 Qg4
41. Rd1 c5 42. dxc5 Qxa4 43. Rxd5 Bb7 44. Rh5+ Kg8 45. Rd3 f5 46. Qd1 Qxd1+ 47.
Rxd1 Be4 48. Rxh4 Rc6 49. Rc1 g5 50. Rh5 Rg6 51. f3 Bc6 52. Kf2 Kg7 53. h4 1-0

[Event "Elberfelder SG 1 - SG Niederkassel 1"]
[Site "NRW-Klasse, Gruppe 1 2013/201"]
[Date "2014.04.27"]
[Round "9.8"]
[White "Pfeiffer, Stefan"]
[Black "Guelsen, Taylan"]
[Result "1/2-1/2"]
[WhiteElo "2070"]
[BlackElo "2021"]
[PlyCount "30"]
[EventDate "2014.??.??"]
[WhiteTeam "Elberfelder SG 1"]
[BlackTeam "SG Niederkassel 1"]

1. d4 d5 2. Nf3 e6 3. Bf4 c5 4. c3 Nc6 5. e3 Nf6 6. Nbd2 cxd4 7. cxd4 Qb6 8.
Qb1 Bd7 9. a3 a5 10. b3 Be7 11. h3 h6 12. Bd3 Na7 13. O-O O-O 14. Ne5 Bb5 15.
a4 Bxd3 1/2-1/2

[Event "SK Herne-Sodingen 1 - SV Letmathe 1"]
[Site "NRW-Klasse, Gruppe 2 2013/201"]
[Date "2013.09.15"]
[Round "1.1"]
[White "Podzielny, Karl-Heinz"]
[Black "Sandkamp, Ralph"]
[Result "1-0"]
[WhiteElo "2376"]
[BlackElo "2203"]
[PlyCount "101"]
[EventDate "2013.??.??"]
[WhiteTeam "SV Letmathe 1"]
[BlackTeam "SK Herne-Sodingen 1"]

1. d4 e6 2. Nf3 Nf6 3. c4 b6 4. g3 Bb7 5. Bg2 Bb4+ 6. Bd2 Bxd2+ 7. Qxd2 O-O 8.
O-O d6 9. Nc3 Ne4 10. Qe3 Nxc3 11. Qxc3 Nd7 12. Rfd1 Nf6 13. d5 exd5 14. Nh4 d4
15. Rxd4 Bxg2 16. Nxg2 Re8 17. Qf3 a5 18. Rf4 Qe7 19. Ne3 a4 20. Rd1 Ra5 21.
Rd2 Ne4 22. Nd5 Qe5 23. Rc2 Rc5 24. Kg2 Ng5 25. Qg4 Rxd5 26. cxd5 Qxd5+ 27. e4
Nxe4 28. Qf3 g6 29. Rxc7 f5 30. h4 h5 31. Kh2 Rf8 32. Qe3 Rf7 33. Rxf7 Qxf7 34.
f3 Nc5 35. Rd4 Qxa2 36. Rxd6 Qxb2+ 37. Kh3 Kf7 38. Rc6 Qb5 39. Rc7+ Nd7 40. Qd2
Ke8 41. Rc1 Kf7 42. Re1 Nf6 43. Qa2+ Qd5 44. Qxa4 b5 45. Qa7+ Nd7 46. Qe3 Qd6
47. Qb3+ Kg7 48. Qxb5 Nf8 49. Qe8 Kg8 50. Re7 Qf6 51. f4 1-0

[Event "SK Herne-Sodingen 1 - SV Letmathe 1"]
[Site "NRW-Klasse, Gruppe 2 2013/201"]
[Date "2013.09.15"]
[Round "1.2"]
[White "Langers, Alexander"]
[Black "Adamski, Jan"]
[Result "0-1"]
[WhiteElo "2168"]
[BlackElo "2281"]
[PlyCount "166"]
[EventDate "2013.??.??"]
[WhiteTeam "SK Herne-Sodingen 1"]
[BlackTeam "SV Letmathe 1"]

1. e4 c5 2. Nf3 a6 3. d4 cxd4 4. Nxd4 Nf6 5. Nc3 e5 6. Nf3 Bb4 7. Bd2 d6 8. Bc4
Qc7 9. Qe2 Nbd7 10. O-O O-O 11. Nd5 Nxd5 12. Bxd5 Bxd2 13. Nxd2 Nf6 14. Bb3 b5
15. a4 Bd7 16. axb5 axb5 17. h3 Bc6 18. c3 Qb7 19. Bc2 b4 20. Bd3 Rxa1 21. Rxa1
bxc3 22. bxc3 Qb2 23. Ra6 Qxc3 24. Nc4 Qc1+ 25. Qf1 Qxf1+ 26. Kxf1 Bxe4 27.
Bxe4 Nxe4 28. Nxd6 Nxd6 29. Rxd6 g6 30. Ke2 Kg7 31. Ke3 Ra8 32. Rd7 Kf6 33. Rb7
Ra6 34. Rc7 h5 35. Rb7 h4 36. Kf3 Ra3+ 37. Ke4 Ra4+ 38. Ke3 Ke6 39. Rb6+ Kf5
40. Rb3 f6 41. Rb6 Ra3+ 42. Ke2 Ra1 43. Rb4 Ra2+ 44. Kf3 g5 45. g4+ hxg3 46.
Kxg3 e4 47. f3 exf3 48. Kxf3 Ra3+ 49. Kg2 Re3 50. Ra4 Re4 51. Ra6 Rd4 52. Kf3
Rd3+ 53. Kg2 Ke5 54. Ra5+ Ke4 55. Ra4+ Rd4 56. Ra2 f5 57. Re2+ Kf4 58. Rf2+ Ke5
59. Re2+ Re4 60. Ra2 f4 61. Ra5+ Kf6 62. h4 g4 63. Rg5 Re2+ 64. Kf1 Rh2 65.
Rxg4 Kf5 66. Rg5+ Ke4 67. Ra5 Rxh4 68. Kg2 Rh8 69. Ra4+ Kf5 70. Ra5+ Kg4 71.
Kf2 Rh2+ 72. Kf1 Kg3 73. Kg1 Rg2+ 74. Kf1 Rb2 75. Rg5+ Kf3 76. Kg1 Rb1+ 77. Kh2
Ke3 78. Re5+ Kf2 79. Rf5 f3 80. Re5 Kf1 81. Rf5 f2 82. Re5 Rb7 83. Rh5 Rf7 0-1

[Event "SK Herne-Sodingen 1 - SV Letmathe 1"]
[Site "NRW-Klasse, Gruppe 2 2013/201"]
[Date "2013.09.15"]
[Round "1.3"]
[White "Webb, Laurence"]
[Black "Wickenfeld, Stefan"]
[Result "1/2-1/2"]
[WhiteElo "2260"]
[BlackElo "2156"]
[Annotator "Doe,John"]
[PlyCount "138"]
[EventDate "2013.??.??"]
[WhiteTeam "SV Letmathe 1"]
[BlackTeam "SK Herne-Sodingen 1"]

1. e4 c6 2. d4 d5 3. exd5 cxd5 4. c4 Nf6 5. Nc3 g6 6. Qb3 Bg7 7. cxd5 O-O 8.
Nge2 Na6 9. g3 b5 10. Bg2 b4 11. Nd1 Bb7 12. Ne3 Bh6 13. O-O Bxe3 $11 14. Bxe3
Bxd5 15. Qa4 Qb6 16. Rac1 Bxg2 17. Kxg2 Rfc8 18. Nf4 e6 19. Kg1 Qb7 20. Nd3
Rxc1 21. Rxc1 Nd5 22. Qc6 Qxc6 23. Rxc6 Nac7 24. Nxb4 Nxb4 25. Rxc7 Nxa2 26. d5
exd5 27. Bxa7 Nb4 28. Rd7 Nc6 29. Bc5 Rb8 30. Rd6 Nb4 31. Rb6 Rxb6 32. Bxb6 Nc6
33. Kf1 Kf8 34. Bc5+ Ke8 35. Ke2 Kd7 36. Ke3 Nd8 37. Kd4 Kc6 38. Be7 Ne6+ 39.
Ke5 d4 40. Ke4 f5+ 41. Kd3 Kd5 42. b4 f4 43. Bf6 g5 44. Be7 h5 45. Bf6 fxg3 46.
fxg3 h4 47. gxh4 gxh4 48. Bxh4 Nf4+ 49. Kd2 Kc4 50. Be7 Nh3 51. b5 Kxb5 52. Kd3
Kc6 53. Kxd4 Kd7 54. Bh4 Nf4 55. Ke4 Ng6 56. Bg5 Ke6 57. h3 Kf7 58. Kf5 Kg7 59.
Ke6 Nf8+ 60. Kf5 Ng6 61. Bf6+ Kh6 62. Kg4 Nf8 63. h4 Ne6 64. h5 Ng7 65. Bg5+
Kh7 66. h6 Ne6 67. Be3 Nd8 68. Kh5 Nf7 69. Bg5 Nxh6 1/2-1/2

[Event "SK Herne-Sodingen 1 - SV Letmathe 1"]
[Site "NRW-Klasse, Gruppe 2 2013/201"]
[Date "2013.09.15"]
[Round "1.4"]
[White "Waldschmidt, Georg"]
[Black "Oswald, Hans-Joachim"]
[Result "1/2-1/2"]
[WhiteElo "2197"]
[BlackElo "2190"]
[PlyCount "109"]
[EventDate "2013.??.??"]
[WhiteTeam "SK Herne-Sodingen 1"]
[BlackTeam "SV Letmathe 1"]

1. e4 d5 2. exd5 Nf6 3. Nf3 Nxd5 4. d4 g6 5. c4 Nb6 6. Nc3 Bg7 7. c5 Nd5 8. Bc4
c6 9. O-O O-O 10. Re1 Bg4 11. Bg5 Nf6 12. Qb3 Bxf3 13. gxf3 b5 14. cxb6 axb6
15. Rad1 b5 16. Bf1 e6 17. d5 exd5 18. Bxb5 Qb6 19. Ba4 Qxb3 20. Bxb3 Nbd7 21.
Re7 Nc5 22. Bc2 Ne6 23. Be3 Rfb8 24. Na4 Bf8 25. Ra7 Rxa7 26. Bxa7 Rb7 27. Be3
Nd7 28. b3 Bg7 29. Bd3 d4 30. Bd2 Ne5 31. Bc1 Nxf3+ 32. Kg2 Ne5 33. Bf1 g5 34.
Bd2 h6 35. Rc1 Bf8 36. Re1 Bd6 37. h4 Kg7 38. hxg5 hxg5 39. Rc1 Kf6 40. Be2 Bb4
41. Bxb4 Rxb4 42. Nb2 d3 43. Bd1 Nf4+ 44. Kf1 Re4 45. f3 Re2 46. Nxd3 Nfxd3 47.
Rxc6+ Nxc6 48. Kxe2 Nc1+ 49. Ke3 Nxa2 50. f4 gxf4+ 51. Kxf4 Ne5 52. b4 Nxb4 53.
Bb3 Nbd3+ 54. Kg3 Nc5 55. Bxf7 1/2-1/2

[Event "SK Herne-Sodingen 1 - SV Letmathe 1"]
[Site "NRW-Klasse, Gruppe 2 2013/201"]
[Date "2013.09.15"]
[Round "1.5"]
[White "Soukup, Jiri"]
[Black "Trzaska, Peter"]
[Result "1-0"]
[WhiteElo "2273"]
[BlackElo "2069"]
[PlyCount "81"]
[EventDate "2013.??.??"]
[WhiteTeam "SV Letmathe 1"]
[BlackTeam "SK Herne-Sodingen 1"]

1. e4 c6 2. f4 d5 3. e5 Bf5 4. d3 e6 5. Be3 c5 6. Nf3 h5 7. Be2 Nh6 8. Nbd2 Bg6
9. Ng5 Nf5 10. Bf2 Be7 11. Ndf3 Qb6 12. Qc1 f6 13. Nh3 Nc6 14. c3 O-O-O 15. O-O
d4 16. exf6 gxf6 17. Nd2 Kb8 18. a4 Rhg8 19. Re1 Nd6 20. Kh1 Bf5 21. Ng1 e5 22.
Ngf3 e4 23. dxe4 Nxe4 24. Bg1 dxc3 25. bxc3 Nxd2 26. Nxd2 h4 27. Bf3 Rg7 28.
Nc4 Qc7 29. Qb2 h3 30. gxh3 Rd3 31. Be3 Bd6 32. Rad1 Rxd1 33. Rxd1 Bxf4 34.
Bxc5 Rd7 35. Re1 Bxh3 36. a5 Ne5 37. Bd6 Rxd6 38. Nxd6 a6 39. Nxb7 Nxf3 40.
Nd6+ Ka8 41. Re8+ 1-0

[Event "SK Herne-Sodingen 1 - SV Letmathe 1"]
[Site "NRW-Klasse, Gruppe 2 2013/201"]
[Date "2013.09.15"]
[Round "1.6"]
[White "Graw, Christopher"]
[Black "Haude, Ruediger"]
[Result "1-0"]
[WhiteElo "2159"]
[BlackElo "2030"]
[PlyCount "51"]
[EventDate "2013.??.??"]
[WhiteTeam "SK Herne-Sodingen 1"]
[BlackTeam "SV Letmathe 1"]

1. e4 g6 2. d4 Bg7 3. Nc3 d6 4. Be3 c6 5. a4 Qc7 6. h3 e5 7. g4 Ne7 8. Bg2 Be6
9. Nge2 f5 10. dxe5 dxe5 11. exf5 gxf5 12. Ng3 O-O 13. gxf5 Nxf5 14. Nxf5 Bxf5
15. Be4 Qf7 16. Qe2 Rd8 17. Rg1 Kh8 18. Rg5 Bxe4 19. Nxe4 Bh6 20. Rh5 Bxe3 21.
fxe3 Qg6 22. Ng5 Rd7 23. Rd1 Kg8 24. Qc4+ Kf8 25. Nxh7+ Ke7 26. Qh4+ 1-0

[Event "SK Herne-Sodingen 1 - SV Letmathe 1"]
[Site "NRW-Klasse, Gruppe 2 2013/201"]
[Date "2013.09.15"]
[Round "1.7"]
[White "Hunold, Rolf"]
[Black "Becker, Joerg"]
[Result "0-1"]
[WhiteElo "1973"]
[BlackElo "2149"]
[PlyCount "72"]
[EventDate "2013.??.??"]
[WhiteTeam "SV Letmathe 1"]
[BlackTeam "SK Herne-Sodingen 1"]

1. e4 d5 2. exd5 Nf6 3. Bb5+ Bd7 4. Bxd7+ Qxd7 5. Nf3 Nxd5 6. O-O Nc6 7. d4 e6
8. Qe2 Be7 9. Rd1 g5 10. c4 Nf4 11. Bxf4 gxf4 12. Nc3 O-O-O 13. d5 Nb4 14. Ne5
Qe8 15. a3 Na6 16. Nd3 Nc5 17. Nxf4 Nb3 18. Rab1 Bd6 19. Qf3 e5 20. Nfe2 a5 21.
Ne4 a4 22. Nxd6+ cxd6 23. Ng3 Rg8 24. Nf5 Qd7 25. h4 Rg6 26. Qd3 Nc5 27. Qc2
Rdg8 28. g3 e4 29. Ne3 f5 30. Ng2 Rg4 31. Qd2 Nd3 32. Kf1 f4 33. Nxf4 Rxf4 34.
gxf4 Qh3+ 35. Ke2 Qf3+ 36. Kf1 Nxf4 0-1

[Event "SK Herne-Sodingen 1 - SV Letmathe 1"]
[Site "NRW-Klasse, Gruppe 2 2013/201"]
[Date "2013.09.15"]
[Round "1.8"]
[White "Buchenthal, Dieter"]
[Black "Weyrauch, Erich"]
[Result "0-1"]
[WhiteElo "2076"]
[BlackElo "2013"]
[Annotator "Doe,John"]
[PlyCount "98"]
[EventDate "2013.??.??"]
[WhiteTeam "SK Herne-Sodingen 1"]
[BlackTeam "SV Letmathe 1"]

1. c4 f5 2. f4 Nf6 3. Nf3 b6 4. g3 Bb7 5. Bg2 e6 6. O-O Be7 7. d3 O-O 8. Bd2 c5
9. Nc3 Na6 10. e4 Nb4 11. Ne1 Ne8 12. a3 Na6 13. g4 fxg4 14. Qxg4 Nac7 15. Rf2
Rb8 16. Nf3 Nf6 17. Qh3 Qe8 $11 18. Nh4 Qf7 19. Bf3 Nfe8 20. Ng2 Bf6 21. Kh1
Bd4 22. Re2 g6 23. Rf1 Ng7 24. Ne3 Bxe3 25. Bxe3 d5 26. Bc1 dxc4 27. dxc4 Ba6
28. e5 Bxc4 29. Ne4 Qe7 30. f5 Rxf5 31. Nf6+ Kf7 32. Qxh7 Bxe2 33. Bxe2 Rxf1+
34. Bxf1 Qd8 35. Ne4 Qd5 36. Qh4 Nce8 37. Bc4 Qd1+ 38. Kg2 Qh5 39. Nd6+ Kg8 40.
Qf4 Nxd6 41. exd6 Rd8 42. b4 cxb4 43. axb4 Qf5 44. Qd4 Rd7 45. Bf4 Qg4+ 46. Kh1
g5 47. Bb5 Rd8 48. Qf6 Qf3+ 49. Kg1 Rxd6 0-1

[Event "SV Würselen 1 - SG Solingen 3"]
[Site "NRW-Klasse, Gruppe 2 2013/201"]
[Date "2013.09.15"]
[Round "1.1"]
[White "Kniest, Oliver"]
[Black "Hovhanisian, Mher"]
[Result "0-1"]
[WhiteElo "2245"]
[BlackElo "2506"]
[Annotator "Doe,John"]
[PlyCount "168"]
[EventDate "2013.??.??"]
[WhiteTeam "SG Solingen 3"]
[BlackTeam "SV Würselen 1"]

1. d4 d5 2. c4 c6 3. Nf3 Nf6 4. Nc3 a6 5. e3 b5 6. b3 Bg4 7. h3 Bxf3 8. Qxf3 e5
9. dxe5 Bb4 10. Bd2 Bxc3 11. Bxc3 Ne4 12. Bb4 bxc4 13. Qg4 c5 14. f3 O-O 15.
fxe4 cxb4 16. exd5 cxb3 17. Qd4 b2 18. Rb1 Nd7 19. Rxb2 Qg5 20. Qf4 $11 Qe7 21.
Be2 a5 22. d6 Qxe5 23. Qxe5 Nxe5 24. Kf2 Rfd8 25. Rd1 f6 26. Rc2 Rab8 27. Rc7
a4 28. d7 b3 29. axb3 axb3 30. Rb1 Kf8 31. Rc3 Rxd7 32. Rcxb3 Rxb3 33. Rxb3 Rd2
34. Ke1 Ra2 35. Rb7 Ra1+ 36. Kf2 Ra2 37. Ke1 h6 38. Kf1 Ra1+ 39. Kf2 Ra2 40.
Kf1 Ra1+ 41. Kf2 Kg8 42. Rc7 Ra2 43. Kf1 Kh7 44. Bb5 h5 45. h4 Ng4 46. Rc3 Ra1+
47. Ke2 Rh1 48. g3 Rh2+ 49. Ke1 Rg2 50. e4 Kh6 51. Kf1 Rf2+ 52. Kg1 Rb2 53. Bd7
Ne5 54. Be6 Re2 55. Bd5 Rd2 56. Be6 Rd4 57. Re3 Rb4 58. Kg2 Rb6 59. Bd5 Rb2+
60. Kf1 g5 61. hxg5+ Kxg5 62. Be6 Rb6 63. Bd5 Kg4 64. Bb3 Kh3 65. Bd1 Rb1 66.
Re1 Rb2 67. Bxh5 Kxg3 68. Re3+ Kf4 69. Re2 Rb1+ 70. Re1 Rb2 71. Re2 Rb1+ 72.
Re1 Rb8 73. Re2 Rh8 74. Rf2+ Kxe4 75. Bd1 Rh1+ 76. Ke2 Ng4 77. Bc2+ Ke5 78. Rf3
Rh2+ 79. Kd3 f5 80. Kc3 f4 81. Bd3 Ne3 82. Bb1 Nd1+ 83. Kd3 Nf2+ 84. Kc4 Ne4
0-1

[Event "SV Würselen 1 - SG Solingen 3"]
[Site "NRW-Klasse, Gruppe 2 2013/201"]
[Date "2013.09.15"]
[Round "1.2"]
[White "Cekro, Ekrem"]
[Black "Hobusch, Alexander"]
[Result "1-0"]
[WhiteElo "2360"]
[BlackElo "2187"]
[PlyCount "63"]
[EventDate "2013.??.??"]
[WhiteTeam "SV Würselen 1"]
[BlackTeam "SG Solingen 3"]

1. c4 e5 2. g3 Nc6 3. Bg2 f5 4. Nc3 Nf6 5. d3 Bb4 6. Bd2 O-O 7. a3 Bxc3 8. Bxc3
d6 9. Nf3 Qe8 10. Nd2 Qh5 11. e3 Qh6 12. Qe2 f4 13. Ne4 fxe3 14. Nxf6+ Rxf6 15.
Qxe3 Qxe3+ 16. fxe3 Bg4 17. Rf1 Rxf1+ 18. Bxf1 Rf8 19. Rc1 Rf6 20. Rc2 Nd8 21.
c5 Nc6 22. b4 Bf3 23. cxd6 cxd6 24. b5 Ne7 25. e4 Bd1 26. Kxd1 Rxf1+ 27. Be1 a6
28. Rc7 Rf7 29. Bb4 axb5 30. Bxd6 Ng6 31. Rc8+ Nf8 32. Kc2 1-0

[Event "SV Würselen 1 - SG Solingen 3"]
[Site "NRW-Klasse, Gruppe 2 2013/201"]
[Date "2013.09.15"]
[Round "1.3"]
[White "Hobusch, Jan"]
[Black "Goossens, Etienne"]
[Result "1/2-1/2"]
[WhiteElo "2079"]
[BlackElo "2209"]
[Annotator "Doe,John"]
[PlyCount "145"]
[EventDate "2013.??.??"]
[WhiteTeam "SG Solingen 3"]
[BlackTeam "SV Würselen 1"]

1. d4 Nf6 2. Bf4 c5 3. e3 g6 4. c3 Bg7 5. Nf3 b6 6. Nbd2 O-O 7. h3 Nc6 8. Be2
d6 9. O-O Bb7 10. Bh2 Qc7 11. Qb3 Rfe8 12. Nc4 Rab8 13. Ng5 Rf8 14. Rfd1 h6 15.
Nf3 Rfc8 16. a4 Na5 17. Nxa5 bxa5 18. Qa3 $11 cxd4 19. Nxd4 Qb6 20. Rab1 Ne4
21. f3 Nf6 22. Bg3 e5 23. Nc2 Bf8 24. Qa2 Qc5 25. Bf2 Bd5 26. Qa1 Bb3 27. Rd2
Qc6 28. Bb5 Qb7 29. e4 d5 30. exd5 Nxd5 31. Ne3 Nf4 32. Rd7 Rc7 33. Rxc7 Qxc7
34. Re1 Bc5 35. Ng4 Rd8 36. Qc1 Qb6 37. Nxh6+ Kg7 38. Ng4 f6 39. Be3 a6 40. Bf1
Bxa4 41. Bxc5 Qxc5+ 42. Qe3 Qxe3+ 43. Nxe3 Bb5 44. c4 Bc6 45. Rd1 Rxd1 46. Nxd1
Kf7 47. Kf2 Ke7 48. Ke3 g5 49. Nf2 a4 50. Nd3 Nxd3 51. Bxd3 Bd7 52. g3 f5 53.
f4 Kf6 54. c5 a5 $11 55. Be2 exf4+ 56. gxf4 g4 57. hxg4 fxg4 58. Bd3 Be8 59.
Be4 Ke6 60. Kf2 Bb5 61. Kg3 Be2 62. Bb7 Bd1 63. c6 Bf3 64. Ba8 Kd6 65. f5 Be4
66. f6 Bf5 67. f7 Ke7 68. c7 Kxf7 69. Bb7 Ke7 70. c8=Q Bxc8 71. Bxc8 Kd6 72.
Bxg4 Kc5 73. Bd7 1/2-1/2

[Event "SV Würselen 1 - SG Solingen 3"]
[Site "NRW-Klasse, Gruppe 2 2013/201"]
[Date "2013.09.15"]
[Round "1.4"]
[White "Hamblok, Roel"]
[Black "Neumair, Jerome"]
[Result "1/2-1/2"]
[WhiteElo "2270"]
[BlackElo "2107"]
[PlyCount "90"]
[EventDate "2013.??.??"]
[WhiteTeam "SV Würselen 1"]
[BlackTeam "SG Solingen 3"]

1. d4 Nf6 2. Nf3 e6 3. Bf4 d5 4. e3 Bd6 5. Bg3 O-O 6. Nbd2 c5 7. c3 Nc6 8. Bd3
Qe7 9. Ne5 Nd7 10. Nxd7 Bxd7 11. Bxd6 Qxd6 12. dxc5 Qxc5 13. Bxh7+ Kxh7 14.
Qh5+ Kg8 15. Ne4 Qc4 16. Ng5 Qd3 17. e4 Rfd8 18. Qxf7+ Kh8 19. Rd1 Qc4 20. Qg6
Kg8 21. Qh7+ Kf8 22. Qh8+ Ke7 23. Qxg7+ Kd6 24. b3 Qa6 25. Nf7+ Kc7 26. Qg3+
Kb6 27. Nxd8 Rxd8 28. Qd3 Qxa2 29. O-O dxe4 30. Qxe4 Qa5 31. b4 Qf5 32. Qc4 a6
33. Rd6 Kc7 34. Rfd1 e5 35. Qc5 Qg4 36. h3 Qe4 37. R6d3 Bxh3 38. f3 Qg6 39.
R3d2 Bxg2 40. Kf2 Rxd2+ 41. Rxd2 Bh3 42. Rd1 Qg2+ 43. Ke3 Qg5+ 44. Kf2 Qg2+ 45.
Ke3 Qg5+ 1/2-1/2